Pokemon 1. Generation nach Buchstabe D - Statistiken

Allgemein
  • Dieses Quiz wurde 41 mal gespielt
  • Das Durchschnittsergebnis liegt bei 7 aus 9
Antwortstatistiken
Antwort % Korrekt
Dragonir
97%
Dragoran
97%
Dratini
97%
Digda
70%
Duflor
70%
Digdri
67%
Dodri
61%
Dodu
61%
Ditto
55%
Keine übereinstimmenden Quizze gefunden
Verteilung der Resultate
Anzahl Personen mit jedem Resultat
Perzentil nach korrekt beantworteten Fragen
Ihre Resultats-Entwicklung
Sie haben dieses Quiz noch nicht gespielt